<?xml version="1.0" encoding="UTF-8"?><OAI-PMH xmlns="http://www.openarchives.org/OAI/2.0/" xmlns:xsi="http://www.w3.org/2001/XMLSchema-instance"     xsi:schemaLocation="http://www.openarchives.org/OAI/2.0/ http://www.openarchives.org/OAI/2.0/OAI-PMH.xsd"><responseDate>2026-04-28T04:16:42Z</responseDate><request verb="GetRecord" identifier="oai:regmurcia.com:fintegr.130" metadataPrefix="marc21">http://oai.regmurcia.com/oai2/oai2.php</request><GetRecord><record><header><identifier>oai:regmurcia.com:fintegr.130</identifier><datestamp>2026-04-28</datestamp><setSpec>documentos</setSpec></header><metadata><record  xmlns="http://www.loc.gov/MARC21/slim" xmlns:xsi="http://www.w3.org/2001/XMLSchema-instance" xsi:schemaLocation="http://www.loc.gov/MARC21/slim http://www.loc.gov/standards/marcxml/schema/MARC21slim.xsd" type="Bibliographic"><leader>00000nam a2200000   4500</leader><controlfield tag="001" >005023522</controlfield><controlfield tag="003" >130</controlfield><controlfield tag="004" >A00000000</controlfield><datafield tag="245" ind1=" " ind2=" "><subfield code="a">Cartas de casamiento entre Isabel de Chinchilla y Juan Navas.</subfield></datafield><datafield tag="300" ind1=" " ind2=" "><subfield code="c">2 folios (4v-5r)</subfield></datafield><datafield tag="351" ind1=" " ind2=" "><subfield code="a">Documento</subfield><subfield code="c">Archivo Histórico Provincial. Array</subfield><subfield code="a">Documento</subfield><subfield code="c">Archivo Histórico Provincial. Array</subfield></datafield><datafield tag="351" ind1=" " ind2=" "><subfield code="b">F.4v</subfield></datafield><datafield tag="520" ind1=" " ind2=" "><subfield code="a">Isabel de Chinchilla trae por bienes dotales y ajuar: unas casas en la colación de San Juan y 5.000 maravedís en ropas, joyas y prendas de casa; y Juan Navas pone 10.000 blancas y el vestido de la novia en el día de la boda.</subfield></datafield><datafield tag="567" ind1=" " ind2=" "><subfield code="a">Salvador Cervantes Gómez</subfield></datafield><datafield tag="583" ind1=" " ind2=" "><subfield code="u">http://www.regmurcia.com/servlet/s.Sl?METHOD=VERDOCUMENTO&amp;sit=serv,Carmesi&amp;n=/03/2405/indice.djvu</subfield></datafield><datafield tag="592" ind1=" " ind2=" "><subfield code="b">1490-01-04</subfield></datafield><datafield tag="592" ind1=" " ind2=" "><subfield code="d">1490-01-04 00:00:00</subfield></datafield><datafield tag="786" ind1=" " ind2=" "><subfield code="o">http://www.regmurcia.com/servlet/s.Sl?METHOD=VERDOCUMENTO&amp;sit=serv,Carmesi&amp;n=/03/2405/indice.djvu</subfield></datafield><datafield tag="856" ind1=" " ind2=" "><subfield code="u">http://www.regmurcia.com/servlet/s.Sl?METHOD=DETALLE&amp;sit=c,373,m,139,serv,Carmesi&amp;id=130</subfield></datafield></record></metadata></record></GetRecord></OAI-PMH>
